000 00796nam0a22002531 4500
001 rc\636037
005 20031121164546.0
035 _a(NLR Aleph) 005877892
090 _a6047303
_c6047303
100 _a20031121d1986 u |0rusy50 ca
101 0 _arus
102 _aRU
105 _ay |||||||||
200 1 _aУроки природоведения в 1 классе
_e[Пер. с молд.]
210 _aКишинев
_cЛумина
_d1986
215 _a35, [1] с.
_d21
225 1 _aМетодическая библиотека школьника
300 _aНа обл. авт. не указан
700 1 _aМорей
_bЕ. Я.
_gЕвгений Яковлевич
801 0 _aRU
_bNLR
_gpsbo
801 1 _aRU
_bELAR
_2rusmarc
852 _aNLR
_j86-6/1089
942 _cBOOK
980 _aNB